Saint Joan / (Record no. 167501)

MARC details
000 -LEADER
fixed length control field 00529nam a22001817a 4500
005 - DATE AND TIME OF LATEST TRANSACTION
control field 20220217162351.0
010 ## - LCCN (DPL NO)
LC control number ENG-126437
020 ## - INTERNATIONAL STANDARD BOOK NUMBER
International Standard Book Number 978-93-80005-36-2
Terms of availability 150.00
035 ## - SYSTEM CONTROL NUMBER
System control number EN-109969
037 ## - SOURCE OF ACQUISITION
Source of stock number/acquisition DBAD/PUB
082 ## - DEWEY DECIMAL CLASSIFICATION NUMBER
Classification number 822
100 ## - MAIN ENTRY--PERSONAL NAME
Personal name Shaw, George Bernard
245 ## - TITLE STATEMENT
Title Saint Joan /
Statement of responsibility, etc by George Bernard Shaw
260 ## - PUBLICATION, DISTRIBUTION, ETC. (IMPRINT)
Place of publication, distribution, etc Noida
Name of publisher, distributor, etc Maple Press
Date of publication, distribution, etc 2013
270 ## - ADDRESS
City Noida
Address A-63, Sector 58
Postal code 201301
Telephone number 911204553581
Electronic mail address info@maplepress.co.in
300 ## - PHYSICAL DESCRIPTION
Extent 184p.
Dimensions 22cm(pbk)
942 ## - ADDED ENTRY ELEMENTS (KOHA)
Source of classification or shelving scheme Dewey Decimal Classification
Item type English Books
Classification part 822
Call number suffix SHA
Holdings
Withdrawn status Lost status Not for loan Collection code Home library Current library Date acquired Source of acquisition Cost, normal purchase price Full call number Barcode Copy number Cost, replacement price Koha item type
      Non-fiction Ashok Vihar Ashok Vihar 05/09/2019 DBAD/PUB 150.00 822 SHA EN-109969 1 150.00 English Books

© Delhi Public Library
Hit Counter
free hit counter